| 000 | 00390nam a2200145Ia 4500 | ||
|---|---|---|---|
| 008 | 250610s9999 xx 000 0 und d | ||
| 082 | _a891.439371 SIR | ||
| 100 | _aSiraj, Naseema Binte | ||
| 245 | 0 | _aAllah Maaf Kare (اللہ معاف کرے) | |
| 250 | _a4th ed. | ||
| 260 |
_aKarachi: _bKhawaja Printers & Publishers, _c2004 |
||
| 300 | _a250p. | ||
| 600 | _aLiterature | ||
| 942 | _cGB | ||
| 999 |
_c31403 _d31403 |
||